The Technical design graphics problem solver / (Record no. 10668)

MARC details
000 -LEADER
fixed length control field 00942nac a22002411u 4500
010 ## - LIBRARY OF CONGRESS CONTROL NUMBER
LC control number 82173449
020 ## - INTERNATIONAL STANDARD BOOK NUMBER
International Standard Book Number 0878915346 (pbk.)
082 00 - DEWEY DECIMAL CLASSIFICATION NUMBER
Classification number 604.24076
090 ## - LOCALLY ASSIGNED LC-TYPE CALL NUMBER (OCLC); LOCAL CALL NUMBER (OCLC)
-- 6001
-- 6001
100 ## - MAIN ENTRY--PERSONAL NAME
Personal name 20080729
245 04 - TITLE STATEMENT
Title The Technical design graphics problem solver /
Statement of responsibility, etc staff of Research and Education Association ; M. Fogiel, director.
260 ## - PUBLICATION, DISTRIBUTION, ETC. (IMPRINT)
Place of publication, distribution, etc New York, N.Y. :
Name of publisher, distributor, etc REA,1982
Date of publication, distribution, etc c1982.
300 ## - PHYSICAL DESCRIPTION
Extent xi, 788 p. :
Other physical details ill. ;
Dimensions 26 cm.
500 ## - GENERAL NOTE
General note Includes index.
500 ## - GENERAL NOTE
General note distributer: Al-Ahram
511 ## - PARTICIPANT OR PERFORMER NOTE
Participant or performer note catalogued by: wessam
650 #0 - SUBJECT ADDED ENTRY--TOPICAL TERM
Topical term or geographic name as entry element Mechanical drawing
General subdivision Problems, exercises, etc.
650 #0 - SUBJECT ADDED ENTRY--TOPICAL TERM
Topical term or geographic name as entry element Engineering graphics
General subdivision Problems, exercises, etc.
700 1# - ADDED ENTRY--PERSONAL NAME
Personal name Fogiel, M.
Fuller form of name (Max)
710 2# - ADDED ENTRY--CORPORATE NAME
Corporate name or jurisdiction name as entry element Research and Education Association.
942 ## - ADDED ENTRY ELEMENTS (KOHA)
Item type Book - Borrowing
Call number prefix 604.24076
Holdings
Withdrawn status Item status Damaged status Not for loan Home library Current library Shelving location Date acquired Source of acquisition Total Checkouts Full call number Barcode Date last seen Koha item type Source of classification or shelving scheme Vendor Cost, normal purchase price Serial Enumeration / chronology
        Central Library Central Library First floor 07/11/2011 Purchase   604.24076 TEC 000007277 15/07/2025 Book - Borrowing        
        Central Library Central Library First floor 04/02/2009     604.24076 TEC 000014606 15/07/2025 Book - Borrowing Dewey Decimal Classification Alahram 112.00 06391